Contribución al estudio del italianismo en la República Argentina / (Record no. 57897)

MARC details
000 -LEADER
campo de control de longitud fija 00503nam a2200157 i 4500
001 - NÚMERO DE CONTROL
campo de control 57897
003 - IDENTIFICADOR DE NÚMERO DE CONTROL
campo de control ES-MaACL
005 - FECHA Y HORA DE LA ÚLTIMA TRANSACCIÓN
campo de control 20230906163657.0
007 - CAMPO FIJO DE DESCRIPCIÓN FÍSICA--INFORMACIÓN GENERAL
campo de control de longitud fija t|
008 - DATOS DE LONGITUD FIJA--INFORMACIÓN GENERAL
campo de control de longitud fija 031020s1925 ag ||||1| spa d
100 1# - ENTRADA PRINCIPAL--NOMBRE DE PERSONA
Nombre de persona Donghi de Halperin, Renata.
9 (RLIN) 45316
245 10 - MENCIÓN DEL TÍTULO
Título Contribución al estudio del italianismo en la República Argentina /
Mención de responsabilidad, etc. por Renata Donghi de Halperin.
260 ## - PUBLICACIÓN, DISTRIBUCIÓN, ETC.
Lugar de publicación, distribución, etc. Buenos Aires :
Nombre del editor, distribuidor, etc. [s.n.,
Fecha de publicación, distribución, etc. 1925] (
Fabricante Imp. de la Universidad)
300 ## - DESCRIPCIÓN FÍSICA
Extensión 8 h. ;
Dimensiones 24 cm.
852 ## - LOCALIZACIÓN
Ubicación ES-MaACL
Número de control de estantería 1758-F-16
Holdings
Estatus retirado Estado de pérdida Estado de daño No para préstamo Colección Biblioteca de origen Biblioteca actual Ubicación en estantería Fecha de adquisición Fuente de adquisición Total de préstamos Signatura topográfica completa Código de barras Visto por última vez Precio de reemplazo Tipo de ítem Koha
        Colección de folletos Biblioteca del Ateneo de Madrid Biblioteca del Ateneo de Madrid Depósito folletos 17/01/2008     1758-F-16 1060767 23/02/2023 23/02/2023 Folleto